Algebra y trigonometría con geometría analítica

Shranjeno v:
Bibliografske podrobnosti
Main Authors: Swokowski, Earl William (Author), Cole, Jeffery A (Author)
Format: Knjiga
Jezik:španščina
Izdano: Ciudad de México Cencage Learning 2009
Izdaja:12a. ed
Teme:
Oznake: Označite
Brez oznak, prvi označite!

MARC

LEADER 00000nam a2200000 a 4500
001 UCG4936
003 CL-VaPUC
008 101216e20090000MX |||||||||||||||||spa|d
020 |a 9789708300391 
082 0 4 |a 512  |b SWO  |2 21 
100 0 |a Swokowski, Earl William  |e author  |9 554434 
700 0 |a Cole, Jeffery A  |e author  |9 554435 
245 1 0 |a Algebra y trigonometría con geometría analítica 
250 |a 12a. ed 
300 |a 902 p 
942 |c BK 
945 |d 20101216 00:00:00  |a cmena 
260 |a Ciudad de México  |b Cencage Learning  |c 2009 
650 0 |a Álgebra  |9 259567 
650 0 |a Trigonometría   |9 259568 
650 0 |a Funciones (Matemáticas)  |9 338128 
650 0 |a Ecuaciones  |9 260137 
650 0 |a Geometría analítica   |9 260062 
583 |a last modification  |c 20120625 01:17:41  |k Rodrigo Vera 
999 |c 343536  |d 343534 
952 |0 0  |1 0  |4 0  |6 512_000000000000000_SWO_2009  |7 0  |8 A  |9 440878  |a BIBCUR  |b BIBCUR  |d 2019-11-22  |i 4743709  |l 20  |m 3  |o 512 SWO 2009  |p 4743709  |q 2025-05-02  |r 2025-04-25  |s 2025-04-25  |w 2019-11-22  |y BK  |k BAC 
952 |0 0  |1 0  |4 0  |6 512_000000000000000_SWO_2009  |7 0  |8 A  |9 440879  |a BIBCUR  |b BIBCUR  |d 2019-11-22  |i 4743717  |l 26  |m 8  |o 512 SWO 2009  |p 4743717  |q 2025-05-15  |r 2025-05-08  |s 2025-05-08  |w 2019-11-22  |y BK  |k BAC